000
00230 a2200097 4500
001
15642
100
_a
Geankoplis C H
245
_a
Transport Processes and Unit Operation
260
_a
_b
Allyn and Bacon
_c
090
_c
12209
_d
12209
942
_a
NUST-CAE
_c
M
_c
2458
999
_c
250715
_d
250715